LEADER 00845naa a2200205 u 4500 001 000000103383 003 CaOOAMICUS 005 20070226130215.0 008 061115s1978 it u000 u ita u 035 $a11106926 040 $aIAR$bita 100 1 $aVanni Rovighi, Sofia,$d1908-1990.$0(OLS)http://pul/name/5652 245 10$aRecenti correnti interpretative della filosofia medievale /$cSofia Vanni Rovighi. 260 $aMilano :$bVita e pensiero,$c1978. 300 $av.1, p. 275-285 ;$c22 cm 500 $aIAR: CCI.222 773 0 $aStudi di filosofia medioevale (Vanni Rovighi, Sofia) 773 0 $aVanni Rovighi, Sofia.$tStudi di filosofia medioevale$g19-20.$w()12175 996 $6245$aRecenti correnti interpretative della filosofia medievale$9(OLS)http://pul/title/130288 996 $6260$aMilano :$bVita e pensiero$9(OLS)http://pul/publisher/48016 LEADER 01432cam a2200313 a 4500 001 000000131390 003 CaOOAMICUS 005 20121119105729.0 008 121119s2005 vc dk b 000 0 eng r 020 $a88-209-7724-9 040 $aPUL$bita 082 04$a530 100 1 $aHeller, Michael,$csacerdote,$d1936-$0(OLS)http://pul/name/82885 245 10$aSome mathematical physics for philosophers /$cMichael Heller. 260 $aVatican City :$bPontifical Council for Culture,$cİ2005$aRome :$bPontifical Gregorian University 300 $a128 p. :$bgrafici, formulari ;$c24 cm. 490 1 $aSTOQ project research series ;$v01 504 $aBibliografia in nota. 650 4$aMatematica e fisica.$0(OLS)http://pul/subject/39138 830 0$aSTOQ project research series ;$v01.$0(OLS)http://pul/title/143449 850 $aPUL 852 $aPUL$W1$xSL Cons. Gen., Altre Classi 3$y75$m530 HELMI 1$j151677$qDDC 21$q $B150585$CPULBib$Z2$F150585 $H121030 $81 941 1 $a9 996 $6020$a88-209-7724-9$9(OLS)http://pul/number/151067 996 $6082$a530$9(OLS)http://pul/classification/2228 996 $6245$aSome mathematical physics for philosophers$9(OLS)http://pul/title/165973 996 $6260$aVatican City :$bPontifical Council for Culture$9(OLS)http://pul/publisher/82159 996 $6260$aRome :$bPontifical Gregorian University$9(OLS)http://pul/publisher/82163